Plus to Minus Word Ladder - Statistics

General Stats
  • This quiz has been taken 198 times
  • The average score is 17 of 20
Answer Stats
Hint Change Word % Correct
Symbol used to represent addition Plus
99%
As low as it can possibly go, short-form Min
93%
Symbol representing subtraction Minus
92%
Massachusetts Institute of Technology MIT
89%
A large container for large storage Bin
88%
Device for making an electric connection Plug
88%
Informal term for a robot - Bot
87%
To have had something clench their teeth onto you Bit
86%
Online page where one can communicate their thoughts + Blog
86%
To carry something heavy - Lug
86%
Have previously set on fire, or a modern slang for cool Lit
85%
Main body of a tree when cut down Log
85%
Ink marking used in the Rorschach test Blot
84%
European shoe with a thick wooden sole Clog
84%
Thick mass of blood Clot
84%
Wetland with ceaying vegetation Bog
83%
Food or drink product with less calories then the regular + Lite
80%
One-dimensional shape Line
72%
Plural of above + Lines
72%
Creator of the most watched technology channel on YouTube Linus
71%
No matching quizzes found
Score Distribution
Percent of People with Each Score
Percentile by Number Answered
Your Score History
You have not taken this quiz